| 000 | 00744cam a2200193 i 4500 | ||
|---|---|---|---|
| 082 |
_a515 _bWHI _cL-2 , P-38 |
||
| 100 | 1 |
_aWhittaker, E. T. _939182 |
|
| 245 | 1 | 2 |
_aA course of modern analysis : _ban introduction to the general theory of infinite processes and of analytic functions : with an account of the principal transcendental functions / _cby E.T. Whittaker and G.N. Watson. |
| 250 | _a4th ed. | ||
| 260 |
_aCambridge [Cambridgeshire] : _bUniversity Press, _c1927 |
||
| 300 |
_a608 p. ; _c27 cm. |
||
| 526 |
_a0 _b0 _c0 _d515_000000000000000_WHI |
||
| 650 | 0 |
_aFunctions. _911020 |
|
| 650 | 0 |
_aHarmonic analysis. _939183 |
|
| 650 | 0 |
_aMCE _9379 |
|
| 650 | 0 |
_aSeries, Infinite. _939184 |
|
| 700 | 1 |
_aWatson, G. N. _939185 |
|
| 942 |
_2ddc _cBK |
||
| 999 |
_c543711 _d543711 |
||